000 01557nam a2200385 a 4500
001 ebr10439201
003 CaPaEBR
006 m u
007 cr cn|||||||||
008 090923s2010 ne ab sb 001 0 eng d
010 _z 2009035485
020 _z9789004179912 (pbk. : alk. paper)
020 _z9789047444206 (e-book)
040 _aCaPaEBR
_cCaPaEBR
035 _a(OCoLC)695988875
043 _af-sx---
050 1 4 _aSD418.3.N34
_bK74 2010eb
082 0 4 _a333.75096881
_222
100 1 _aKreike, Emmanuel,
_d1959-
245 1 0 _aDeforestation and reforestation in Namibia the global consequences of local contradictions
_h[electronic resource] /
_cby Emmanuel Kreike.
260 _aLeiden ;
_aBoston :
_bBrill,
_c2010.
300 _axiv, 224 p. :
_bill., maps.
490 1 _aAfrika-Studiecentrum series,
_x1570-9310 ;
_vv. 17
504 _aIncludes bibliographical references and index.
533 _aElectronic reproduction.
_bPalo Alto, Calif. :
_cebrary,
_d2013.
_nAvailable via World Wide Web.
_nAccess may be limited to ebrary affiliated libraries.
650 0 _aDeforestation
_zNamibia.
650 0 _aReforestation
_zNamibia.
650 0 _aEnvironmental policy
_zNamibia.
650 0 _aGlobal environmental change.
651 0 _aNamibia
_xEnvironmental conditions.
655 7 _aElectronic books.
_2local
710 2 _aebrary, Inc.
830 0 _aAfrika-Studiecentrum series ;
_vv. 17.
856 4 0 _uhttp://site.ebrary.com/lib/rucke/Doc?id=10439201
_zAn electronic book accessible through the World Wide Web; click to view
999 _c133682
_d133682